Paises que limitan con China - Estadísticas

Estadísticas generales
  • Esta prueba ha sido intentada 47 veces
  • La puntuación promedio es 12 de 14
Estadísticas de respuestas
Km de frontera País % Correcto
3645 Rusia
100%
1416 Corea del Norte
98%
3488 India
98%
4677 Mongolia
95%
1440 Nepal
93%
1533 Kazajistán
83%
470 Bután
81%
423 Laos
81%
2185 Myanmar
81%
1283 Vietnam
81%
524 Pakistán
76%
858 Kirguistán
71%
414 Tayikistán
69%
76 Afganistán
67%
No se encontraron pruebas coincidentes
Distribución de puntuación
Porcentaje de gente con cada puntuación
Porcentaje por número respondido
Historial de tus puntuaciones
No has intentado esta prueba.